El pasado relegado: (Registro nro. 13393)

Detalles MARC
000 -LIDER
fixed length control field 01867nam a22002657a 4500
003 - IDENTIFICACDOR DE NÚMERO DE CONTROL
control field DO-SdBNP
005 - DATE AND TIME OF LATEST TRANSACTION
control field 20210419134756.0
008 - ELEMENTOS DE LONGITUD FIJA
fixed length control field 210312b1999 dr 00| 0 spa d
020 ## - ISBN
International Standard Book Number 8492184566
040 ## - FUENTE DE CATALOGACIÓN
Agencia que crea de manera original el registro BPMSU
Idioma de catalogación spa
Agencia que realiza la transcripción BPMSU
082 ## - NÚMERO DE CLASIFICACIÓN DECIMAL DE DEWEY
Classification number 338.97293
Item number S194p,1999
Edition number 22
100 1# - ASIENTO PRINCIPAL -- NOMBRE PERSONAL
Nombre personal San Miguel, Pedro L
245 13 - MENCIÓN DE TITULO
Título El pasado relegado:
Subtítulo estudios sobre la historia agraria dominicana /
Mención de responsabilidad Pedro L. San Miguel
260 ## - PUBLICACIÓN, DISTRIBUCIÓN, ETC. (PIE DE IMPRENTA)
Lugar de publicación, distribución, etc Santo Domingo :
Nombre del editor, distribuidor, etc. Librería la Trinitaria ;
-- Facultad Latinoamericana de Ciencia Sociales
Fecha de publicación, distribución, etc 1999.
300 ## - DESCRIPCIÓN FÍSICA
Extensión 304 p.;
Dimensiones 21 cm.
500 ## - NOTA GENERAL
Nota general
504 ## - NOTA DE BIBLIOGRAFÍA, ETC.
Bibliography, etc Bibliografía : p. 278 -304.
505 ## - NOTA DE CONTENIDO
Texto normalizado de contenido El pasado relegado: Una mirada a la historia agraria dominicana -- Las sociedades campesinas antillanas: Un contrapunteo entre Puerto Rico y la República Dominicana -- Campesinado y agricultura comercial en el Cibao, 1900-1960 -- Crisis económica e intervención estatal: El plan de valorización del tabaco en los años treinta -- El Leviatán dominicano y el campesinado: Una perspectiva histórico-social -- Las luchas campesinas en la República Dominicana durante el siglo XX -- Exacción estatal y resistencias campesinas en el Cibao durante la ocupación de 1916-24 -- Entre el agrarismo oficial y el agrarismo campesino: la lucha por la tierra, 1968-78.
590 ## - NOTA LOCAL
Enlace Inventariado 2021/ MC.
650 #4 - ENCABEZAMIENTO DE MATERIA--TEMÁTICO
Término temático o nombre geográfico como elemento de entrada Campesinos
Subdivisión geográfica República Dominicana
Subdivisión temática general Historia
650 #4 - ENCABEZAMIENTO DE MATERIA--TEMÁTICO
Término temático o nombre geográfico como elemento de entrada Agricultura
Subdivisión temática general Aspectos económicos
Subdivisión geográfica República Dominicana
650 #4 - ENCABEZAMIENTO DE MATERIA--TEMÁTICO
Término temático o nombre geográfico como elemento de entrada Agricultura y Estado
Subdivisión geográfica República Dominicana.
910 ## - VALIDACIÓN
Validación MCabrera / VMateo
942 ## - ADDED ENTRY ELEMENTS (KOHA)
Source of classification or shelving scheme Dewey Decimal Classification
Koha item type Libros
Existencias
Withdrawn status Lost status Source of classification or shelving scheme Damaged status Not for loan Collection code Home library Current library Date acquired Source of acquisition Full call number Barcode Date last seen Price effective from Koha item type Copy number
    Dewey Decimal Classification     Colección Dominicana Biblioteca Pública Metropolitana Salomé Ureña Biblioteca Pública Metropolitana Salomé Ureña 03/12/2021 Compra BPMSU CD 338.97293 S194p 1999 BPMSU21030020 03/12/2021 03/12/2021 Libros  
    Dewey Decimal Classification     Colección Dominicana Biblioteca Pública Metropolitana Salomé Ureña Biblioteca Pública Metropolitana Salomé Ureña 03/12/2021 Compra BPMSU CD 338.97293 S194p 1999 BPMSU21030021 03/12/2021 03/12/2021 Libros e.2
    Dewey Decimal Classification     Colección Dominicana Biblioteca Pública Metropolitana Salomé Ureña Biblioteca Pública Metropolitana Salomé Ureña 03/12/2021 Compra BPMSU CD 338.97293 S194p 1999 BPMSU21030022 03/12/2021 03/12/2021 Libros e.3